Échelle de mots de source à cible - Statistiques

Statistiques générales
  • Ce quiz a été pris 490 fois
  • Le résultat moyen est 11 sur 12
Statistiques - réponses
Hint Réponse % Correct
départ d'une rivière source
99%
malentendante sourde
99%
pas propre sale
97%
de bowling ou de billard boule
96%
grains sur la plage (ajouter 1 lettre) sable
96%
objectif cible
95%
peu coloré pâle
95%
il y en a un au Nord et un au Sud (retirer 1 lettre) pôle
95%
mère protectrice poule
95%
fil électrique câble
94%
erreur bourde
93%
fait la tête (retirer 1 lettre) boude
92%
Aucun quiz correspondant
Distribution des résultats
% des personnes avec chaque résultat
Percentile par nombre de réponses
Votre historique - résultats
Vous n’avez pas pris ce quiz